|
|
|
|
| LEADER |
00000nab a2200000uu 4500 |
| 001 |
vtls011150387 |
| 003 |
SK-MaSNL |
| 005 |
20260303121145.0 |
| 008 |
230131|2002 xo |||||||||||||||||cze| |
| 015 |
|
|
|a SNBRB
|
| 035 |
|
|
|a (urnnbn)urn:nbn:sk:snk:ar-a0a061
|
| 035 |
|
|
|a (uuid)52146cc5-18b9-42df-be37-b6542d28c38b
|
| 035 |
|
|
|a urn:nbn:sk:snk-abb01w
|
| 040 |
|
|
|a SNKBUCL
|b slo
|c SNKBUCL
|e AACR2
|
| 041 |
0 |
|
|a cze
|
| 044 |
|
|
|a xo
|c SK
|
| 100 |
1 |
|
|a Tesař, D.
|4 aut
|9 1134506
|
| 245 |
1 |
0 |
|a Intravaskulárním ultrazvukem řízená přímá implantace stentu při léčbě významné stenózy kmene levé věnčité tepny
|c D. Tesař, J. Veselka, T. Eisner, T. Honěk
|
| 700 |
1 |
|
|a Veselka, J.
|4 aut
|9 1134013
|
| 700 |
1 |
|
|a Eisner, T.
|4 aut
|9 1134507
|
| 700 |
1 |
|
|a Honěk, T.
|4 aut
|9 1134508
|
| 773 |
0 |
|
|t Vnitřní lékařství : časopis Internistické sekce Československé lékařské společnosti J. E. Purkyně
|g Roč. 48, č. 7 (2002), s. 675-677
|
| 954 |
|
|
|a odborná, vedecká literatúra cudzojazyčná (svetová)
|2 lita
|
| 958 |
|
|
|a OND
|
| 958 |
|
|
|a EUIPO
|
| 958 |
|
|
|a article14
|
| 999 |
|
|
|c 1913921
|d 1915851
|